Memorias del curso sobre : (Registro nro. 652)
[ vista simple ]
| 000 -CABECERA | |
|---|---|
| Campo de control | 01033nam a2200265 a 4500 |
| 005 - FECHA Y HORA DE LA ULTIMA TRANSACCION | |
| Campo de control | 20170926081019.0 |
| 008 - ELEMENTOS DE LONGITUD FIJA—INFORMACION GENERAL | |
| Campo de control | 140221t1999 bo d|||fr|||| 00| 0 spa d |
| 040 ## - FUENTE DE CATALOGACIÓN | |
| Agencia catalogadora original | CO-BoIAVH |
| Agencia transcriptora | CO-BoIAVH |
| 041 0# - IDIOMA | |
| Código de idioma para texto/pista de sonido o título separado | Español |
| 044 ## - PAÍS DE PUBLICACIÓN | |
| País de publicación | Bolivia |
| 082 04 - NUMERO DE CLASIFICACION DECIMAL DEWEY | |
| Número de clasificación | 591.7 |
| Número del ítem | C97s |
| 111 2# - ASIENTO PRINCIPAL--NOMBRE DE REUNION | |
| Nombre de reunión o de jurisdicción como elemento de entrada | Curso sobre evaluación y ecología de fauna silvestre en bosques de producción |
| Lugar de la reunión | (Cobija, Bolvia: |
| Fecha de la reunión | 17-30 de mayo de 1999) |
| 9 (RLIN) | 84972 |
| 245 10 - MENCION DE TITULO | |
| Título | Memorias del curso sobre : |
| Parte restante del título | evaluación y ecología de fauna silvestre en bosques de producción / |
| Mención de responsabilidad | editado por José Carlos Herrera [y otros 3] |
| 260 ## - PUBLICACION, DISTRIBUCION, ETC. (PIE DE IMPRENTA) | |
| Lugar de publicación, distribución, etc. | Santa Cruz (Bolivia) : |
| Nombre del editor, distribuidor, etc. | BOLFOR, |
| Fecha de publicación, distribución, etc. | 1999. |
| 300 ## - DESCRIPCION FISICA | |
| Extensión | 58 (8) páginas : |
| Otros detalles físicos | tablas ; |
| Dimensiones | 21 x 15 cm. |
| 650 26 - ASIENTO SECUNDARIO DE MATERIA - TERMINO TEMATICO | |
| Término temático o nombre geográfico como elemento de entrada | Fauna |
| 9 (RLIN) | 84973 |
| 650 26 - ASIENTO SECUNDARIO DE MATERIA - TERMINO TEMATICO | |
| Término temático o nombre geográfico como elemento de entrada | Ecología |
| 9 (RLIN) | 84974 |
| 650 26 - ASIENTO SECUNDARIO DE MATERIA - TERMINO TEMATICO | |
| Término temático o nombre geográfico como elemento de entrada | Ecosistemas forestales |
| 9 (RLIN) | 84975 |
| 651 ## - ASIENTO SECUNDARIO DE MATERIA - NOMBRE GEOGRAFICO | |
| Nombre geográfico | Bolivia |
| 9 (RLIN) | 84976 |
| 700 1# - ASIENTO SECUNDARIO - NOMBRE PERSONAL | |
| Nombre personal | Herrera Flores, José Carlos |
| Término de relación | editor |
| 9 (RLIN) | 8588 |
| 700 1# - ASIENTO SECUNDARIO - NOMBRE PERSONAL | |
| Nombre personal | Mostacedo, Bonifacio |
| Término de relación | editor |
| 9 (RLIN) | 8592 |
| 700 1# - ASIENTO SECUNDARIO - NOMBRE PERSONAL | |
| Nombre personal | Rumiz, Damián |
| Término de relación | editor |
| 9 (RLIN) | 8593 |
| 700 1# - ASIENTO SECUNDARIO - NOMBRE PERSONAL | |
| Nombre personal | Fredericksen, Todd |
| Término de relación | editor |
| 9 (RLIN) | 8594 |
| 942 ## - ELEMENTOS ADICIONALES (KOHA) | |
| Tipo de ítem | Periodica o revista |
| Sistema de clasificación | Dewey Decimal Classification |
| Withdrawn status | Lost status | Sistema de Clasificación | Damaged status | No para préstamo | Colección | Inventariado | Ubicación Permanente | Ubicación actual | Fecha de adquisición | Fuente de Valor | Valor | Total Checkouts | Número topográfico | Inventario / Código de Barras | Date last seen | Ejemplar | Price effective from | Forma de adquisición | Tipo de material |
|---|---|---|---|---|---|---|---|---|---|---|---|---|---|---|---|---|---|---|---|
| Dewey Decimal Classification | General | Inventariado 2017 | Sala Fabio Quevedo | Sala Fabio Quevedo | 01/07/2000 | Herrera Flores, José Carlos | 39000.00 | LB-591.7 C97s | 000922 | 04/12/2012 | Ej. 1 | 04/12/2012 | Donación | Libro |